Wisielec - Zabytki w Polsce - whammies - Statystyki

Ogólne statystyki
  • Ten quiz został rozwiązany 211 razy
  • Średni wynik to 18 z 20
Odpowiedzi na mapie
Odpowiedzi zakodowano w zielono-czerwonej skali na mapie do tego quizu, zgodnie z poniższymi procentami.
 
Statystyki odpowiedzi
Litera % Poprawnych
A
100%
A
100%
A
100%
E
92%
M
89%
M
89%
Z
88%
O
87%
O
87%
W
87%
I
86%
I
86%
S
86%
S
86%
Ś
86%
C
82%
T
82%
T
82%
R
81%
U
81%
Nie znaleziono quizów pasujących do podanych kryteriów
Rozkład punktacji
Procent ludzi z każdym wynikiem
Percentyl według liczby udzielonych odpowiedzi
Twoja historia wyników
Nie rozwiązałeś tego quizu